MICRO LEVEL PLANNING : A CASE STUDY OF KARNAL AREA , HARYANA--INDIA (Record no. 19035)
[ view plain ]
| 000 -LEADER | |
|---|---|
| fixed length control field | 00579cam a2200205ua 4500 |
| 008 - FIXED-LENGTH DATA ELEMENTS--GENERAL INFORMATION | |
| fixed length control field | 130325n2003 II |||gr||||Z||||||eng |
| 040 ## - CATALOGING SOURCE | |
| Original cataloging agency | MAIN |
| 041 ## - LANGUAGE CODE | |
| -- | English |
| 082 ## - DEWEY DECIMAL CLASSIFICATION NUMBER | |
| Classification number | 910 KUN |
| 100 ## - MAIN ENTRY--PERSONAL NAME | |
| Personal name | KUNDU, A. and BHAT, D.R. |
| 245 ## - TITLE STATEMENT | |
| Title | MICRO LEVEL PLANNING : A CASE STUDY OF KARNAL AREA , HARYANA--INDIA |
| 250 ## - EDITION STATEMENT | |
| Edition statement | REP. |
| 260 ## - PUBLICATION, DISTRIBUTION, ETC. | |
| Place of publication, distribution, etc. | NEW DELHI |
| Name of publisher, distributor, etc. | RAJESH PUBLICATION |
| Date of publication, distribution, etc. | 2003 |
| 300 ## - PHYSICAL DESCRIPTION | |
| Extent | 137: |
| Dimensions | 24CM. |
| 700 ## - ADDED ENTRY--PERSONAL NAME | |
| Personal name | BHAT, L.S. and DAS, B.N. and SASTRY,C.S. |
| 700 ## - ADDED ENTRY--PERSONAL NAME | |
| Personal name | SARMAH, A.N. and MAHAPATRA, R.C. |
| 942 ## - ADDED ENTRY ELEMENTS (KOHA) | |
| Koha item type | Books |
| 653 ## - INDEX TERM--UNCONTROLLED | |
| Uncontrolled term | Geography & travel |
| Withdrawn status | Lost status | Damaged status | Not for loan | Collection code | Home library | Current library | Shelving location | Date acquired | Full call number | Barcode | Date last seen | Copy number | Price effective from | Koha item type | Public note |
|---|---|---|---|---|---|---|---|---|---|---|---|---|---|---|---|
| TBGEO | Central Library and Information Centre Sibsagar Girls College | Central Library and Information Centre Sibsagar Girls College | GEOGRAPHY BOOK RACK | 19.03.2013 | 910 KUN | 28807 | 27.02.2020 | 1 | 27.02.2020 | Books | V |